Welcome to CU Library Online Public Access Catalogue (OPAC)

Search the scriptures. (Record no. 7074)

MARC details
000 -LEADER
fixed length control field 00625cam a22002171 4500
001 - CONTROL NUMBER
control field 294407
005 - DATE AND TIME OF LATEST TRANSACTION
control field 20250721165734.0
008 - FIXED-LENGTH DATA ELEMENTS--GENERAL INFORMATION
fixed length control field 721221s1969 ne c b 010 0 eng
050 00 - LIBRARY OF CONGRESS CALL NUMBER
Classification number BS2395
Item number .S4
082 00 - DEWEY DECIMAL CLASSIFICATION NUMBER
Classification number 225.6
100 ## - MAIN ENTRY--PERSONAL NAME
Personal name VANDERWAAL CRONELLS
245 00 - TITLE STATEMENT
Title Search the scriptures.
Remainder of title Hebrews-Revelation
250 ## - EDITION STATEMENT
Remainder of edition statement vol 10
260 ## - PUBLICATION, DISTRIBUTION, ETC.
Place of publication, distribution, etc. Ontario
Name of publisher, distributor, etc. Paideia Press
Date of publication, distribution, etc. 1969.
300 ## - PHYSICAL DESCRIPTION
Extent 126p
700 1# - ADDED ENTRY--PERSONAL NAME
Personal name Stamm, Raymond T.
Fuller form of name (Raymond Thomas),
Dates associated with a name 1894-1962.
700 1# - ADDED ENTRY--PERSONAL NAME
Personal name Myers, Jacob Martin,
Dates associated with a name 1904-
Relator term ed.
700 1# - ADDED ENTRY--PERSONAL NAME
Personal name Reimherr, Otto,
Dates associated with a name 1917-
Relator term ed.
700 1# - ADDED ENTRY--PERSONAL NAME
Personal name Bream, Howard N.,
Dates associated with a name 1917-1985,
Relator term ed.
942 ## - ADDED ENTRY ELEMENTS (KOHA)
Source of classification or shelving scheme Library of Congress Classification
Koha item type Books
Suppress in OPAC No
999 ## -
-- 7074
-- 7074
Holdings
Withdrawn status Lost status Source of classification or shelving scheme Damaged status Not for loan Collection Home library Current library Shelving location Date acquired Total checkouts Full call number Barcode Date last seen Copy number Price effective from Koha item type
    Library of Congress Classification     Non-fiction Undergraduate Library (Christ Temple) Undergraduate Library (Christ Temple) General stacks 07/21/2025   BS2775.3 VAN ulct00003991 07/21/2025 1 07/21/2025 Books
© 2023-2024 Copyright: Central University Libraries. All Rights Reserved | Created by: Mahone Tech Office